Every France Debutant Since 1990 - Statistics

General Stats
  • This quiz has been taken 59 times
  • The average score is 103 of 231
Answer Stats
% Correct
1997 Bordeaux RM 23 Ibrahim Ba 8 2
95%
2015 Bayern Munich LW 19 Kingsley Coman 49 5
95%
2017 Monaco ST 18 Kylian Mbappe 70 40
95%
2013 Juventus CM 20 Paul Pogba 91 11
95%
2014 Real Sociedad SS 22 Antoine Griezmann 121 43
93%
2017 Stuttgart RB 21 Benjamin Pavard 49 3
93%
2023 Nice CM 21 Khephren Thuram 1
93%
1994 Monaco CB 22 Lilian Thuram 142 2
93%
2018 Atletico Madrid CB 22 Lucas Hernandez 33
93%
2020 Borussia Monchengladbach ST 23 Marcus Thuram 10
93%
2013 Real Madrid CB 19 Raphael Varane 93 5
93%
2021 Milan LB 23 Theo Hernandez 17 2
93%
2007 Lyon ST 19 Karim Benzema 97 37
91%
2016 Borussia Dortmund RW 19 Ousmane Dembele 37 4
91%
1994 Bordeaux AM 22 Zinedine Zidane 108 31
91%
2015 Manchester United ST 19 Anthony Martial 30 2
89%
2019 Barcelona CB 23 Clement Lenglet 15 1
89%
2020 RB Leipzig CB 21 Dayot Upamecano 15 2
89%
2008 Lyon GK 21 Hugo Lloris 145
89%
2022 Liverpool CB 23 Ibrahima Konate 11
89%
2016 Leicester City DM 24 N'Golo Kante 53 2
89%
2008 Marseille GK 23 Steve Mandanda 35
89%
1997 Monaco ST 20 Thierry Henry 123 51
89%
2016 Paris Saint-Germain CM 21 Adrien Rabiot 36 3
86%
2021 Monaco DM 21 Aurelien Tchouameni 25 2
86%
1994 Marseille GK 22 Fabien Barthez 87
86%
2011 Montpellier ST 25 Olivier Giroud 124 54
86%
2022 Eintracht Frankfurt ST 23 Randal Kolo Muani 9 1
86%
2018 Paris Saint-Germain GK 25 Alphonse Areola 5
84%
2022 RB Leipzig SS 24 Christoper Nkunku 10
84%
2020 Rennes CM 17 Eduardo Camavinga 10 1
84%
2020 Lille GK 25 Mike Maignan 8
84%
2007 Arsenal CM 20 Abou Diaby 16 1
82%
2006 Marseille LW 23 Franck Ribery 81 16
82%
2021 Bayer Leverkusen RW 22 Moussa Diaby 9
82%
2004 Monaco LB 23 Patrice Evra 81
82%
2016 Lyon CB 22 Samuel Umtiti 31 4
80%
2007 Arsenal RB 24 Bacary Sagna 65
77%
2002 Auxerre ST 20 Djibril Cisse 41 9
77%
1997 Arsenal DM 20 Patrick Vieira 107 6
77%
2018 Paris Saint-Germain CB 22 Presnel Kimpembe 28
77%
1996 Metz LM 22 Robert Pires 79 14
77%
2023 Chelsea CB 22 Wesley Fofana 1
77%
2022 Monaco CM 23 Youssouf Fofana 10
77%
2017 Monaco LB 22 Benjamin Mendy 10
75%
2004 Paris Saint-Germain RB 22 Bernard Mendy 3
75%
2010 Saint-Etienne AM 23 Dimitri Payet 38 8
75%
1990 Monaco DM 19 Emmanuel Petit 63 6
75%
2018 Lyon LB 23 Ferland Mendy 9
75%
2004 Lyon LW 24 Florent Malouda 80 9
75%
2021 Sevilla CB 22 Jules Kounde 21
75%
1993 Marseille CB 24 Marcel Desailly 116 3
75%
2010 Marseille AM 25 Mathieu Valbuena 52 8
75%
1998 Arsenal ST 19 Nicolas Anelka 69 14
75%
2007 Marseille AM 19 Samir Nasri 41 5
75%
1992 Bordeaux LB 22 Bixente Lizarazu 97 2
73%
2017 Lyon CM 22 Corentin Tolisso 28 2
73%
1998 Monaco ST 20 David Trezeguet 71 34
73%
2011 Arsenal CB 26 Laurent Koscielny 51 1
73%
2000 Bayern Munich RB 23 Willy Sagnol 58
70%
2018 Sevilla ST 27 Wissam Ben Yedder 19 3
70%
2013 Lyon ST 22 Alexandre Lacazette 16 3
68%
2008 Arsenal LB 23 Gael Clichy 20
68%
2001 Lyon GK 28 Gregory Coupet 34
68%
2014 Paris Saint-Germain LB 20 Lucas Digne 46
66%
2002 Chelsea CB 25 William Gallas 84 5
66%
2010 Lorient ST 23 Kevin Gameiro 13 3
64%
2014 Southampton DM 24 Morgan Schneiderlin 15
64%
1999 Bordeaux SS 24 Sylvain Wiltord 92 26
64%
2010 Lille CM 24 Yohan Cabaye 48 4
64%
2010 Saint-Etienne CM 23 Blaise Matuidi 84 9
61%
1995 Nantes DM 22 Claude Makelele 71
61%
2004 Lyon LB 24 Eric Abidal 66
61%
2017 Marseille RW 24 Florian Thauvin 10 1
61%
2021 Roma CM 28 Jordan Veretout 6
61%
2015 Chelsea CB 20 Kurt Zouma 11 1
61%
2009 Toulouse CM 20 Moussa Sissoko 71 2
61%
2017 Sevilla DM 28 Steven Nzonzi 20
61%
2010 Lille CB 24 Adil Rami 36 1
59%
2004 Lens DM 23 Alou Diarra 44
59%
2009 Toulouse ST 23 Andre-Pierre Gignac 36 7
59%
2022 Monaco CB 24 Axel Disasi 4
59%
2022 Monaco CB 21 Benoit Badiashile 2
59%
2016 Monaco RB 24 Djibril Sidibe 18 1
59%
2006 Lyon DM 23 Jeremy Toulalan 36
59%
2007 Chelsea DM 22 Lassana Diarra 34
59%
2011 Lille CB 26 Mathieu Debuchy 27 2
59%
1993 Paris Saint-Germain DM 28 Paul Le Guen 17 1
59%
2004 Manchester United ST 25 Louis Saha 20 4
57%
2010 Monaco GK 23 Stephane Ruffier 3
57%
2011 Valencia LB 28 Jeremy Mathieu 5
55%
2010 Paris Saint-Germain CB 20 Mamadou Sakho 29 2
55%
2008 Bordeaux AM 22 Yoann Gourcuff 32 4
55%
2018 Borussia Monchengladbach ST 25 Alassane Plea 1
52%
2013 Porto CB 22 Eliaquim Mangala 8
52%
2022 Lens RB 29 Jonathan Clauss 6
52%
2021 Marseille CM 22 Matteo Guendouzi 7 1
52%
2015 Lyon AM 21 Nabil Fekir 25 2
52%
2010 Roma ST 23 Jeremy Menez 24 2
50%
2014 Monaco LB 22 Layvin Kurzawa 13 1
50%
2000 Monaco RW 23 Ludovic Giuly 17 3
50%
2001 Manchester United LB 23 Mikael Silvestre 40 2
50%
2022 Marseille CB 21 William Saliba 8
50%
2008 Saint-Etienne ST 22 Bafetimbi Gomis 12 3
48%
2023 Lens GK 29 Brice Samba 1
48%
2007 Lyon AM 20 Hatem Ben Arfa 15 2
48%
2002 Auxerre CB 20 Philippe Mexes 29 1
48%
2002 Lyon RW 23 Sidney Govou 49 10
48%
2016 Monaco AM 21 Thomas Lemar 27 4
48%
2017 Monaco DM 22 Tiemoue Bakayoko 1
48%
2012 Paris Saint-Germain RB 28 Christophe Jallet 16 1
45%
2019 Lyon RB 24 Leo Dubois 13
45%
2007 Arsenal DM 23 Mathieu Flamini 3
45%
2018 Lyon CM 21 Tanguy Ndombele 7
45%
1994 Bordeaux ST 22 Christophe Dugarry 55 8
43%
2020 Lyon CM 22 Houssem Aouar 1
43%
1993 Monaco AM 25 Youri Djorkaeff 82 28
43%
2011 Sochaux AM 23 Marvin Martin 15 2
41%
2011 Lyon DM 22 Maxime Gonalons 8
41%
2022 Marseille DM 22 Boubacar Kamara 3
39%
2021 RB Leipzig RB 23 Nordi Mukiele 1
39%
2003 Monaco LM 24 Jerome Rothen 13 1
36%
1999 Bordeaux AM 26 Johan Micoud 17 1
36%
2009 Nice ST 22 Loic Remy 31 7
36%
2001 Nantes GK 22 Mickael Landreau 11
36%
2004 Bordeaux DM 20 Rio Mavuba 13
36%
2004 Monaco CB 24 Sebastien Squillaci 21
36%
1997 Sampdoria CM 26 Alain Boghossian 26 2
34%
2003 Lyon RB 23 Anthony Reveillere 19 1
34%
1993 Paris Saint-Germain GK 29 Bernard Lama 44
34%
1990 Brest LW 23 David Ginola 18 3
34%
1995 Strasbourg CB 27 Frank Leboeuf 50 4
34%
2007 Fiorentina GK 27 Sebastien Frey 2
34%
2002 Sochaux DM 22 Benoit Pedretti 22
32%
1992 Nantes DM 21 Christian Karembeu 53 1
32%
2003 Auxerre CB 23 Jean-Alain Boumsong 27 1
32%
2019 Lille RW 21 Jonathan Ikone 4 1
32%
2014 Montpellier AM 24 Remy Cabella 4
32%
1997 Auxerre ST 27 Stephane Guivarc'h 14 1
32%
1999 Bordeaux GK 26 Ulrich Rame 12
32%
1996 Guingamp LB 23 Vincent Candela 40 2
32%
2010 Rennes DM 20 Yann M'Vila 22 1
32%
2016 Rennes GK 29 Benoit Costil 1
30%
2008 Atletico Madrid SS 23 Florent Sinama-Pongolle 1
30%
2001 Leeds United DM 26 Olivier Dacourt 21 1
30%
2011 Tottenham Hotspur CB 25 Younes Kaboul 5 1
30%
2010 Lyon CB 22 Aly Cissokho 1
27%
1998 Auxerre LW 24 Bernard Diomede 8
27%
1993 Nantes ST 23 Patrice Loko 26 7
27%
2001 Marseille CB 22 Zoumana Camara 1
27%
2022 Rennes LB 20 Adrien Truffert 1
25%
2012 Bordeaux LB 26 Benoit Tremoulinas 5
25%
2013 Lyon CM 22 Clement Grenier 5
25%
2001 Nantes AM 28 Eric Carriere 10 5
25%
2012 Toulouse DM 24 Etienne Capoue 7 1
25%
2004 Monaco CB 22 Gael Givet 12
25%
2002 Auxerre AM 21 Olivier Kapo 9 3
25%
2000 Barcelona GK 27 Richard Dutruel 1
25%
2000 Lyon ST 26 Steve Marlet 23 6
25%
1999 Lyon CM 25 Vikash Dhorasoo 18 1
25%
1993 Paris Saint-Germain CM 27 Vincent Guerin 19 2
25%
2013 Sevilla DM 20 Geoffrey Kondogbia 5
23%
1997 Auxerre GK 30 Lionel Charbonnier 1
23%
2012 Montpellier CB 23 Mapou Yanga-Mbiwa 4
23%
1993 Nantes LM 21 Reynald Pedros 25 4
23%
2011 Bordeaux GK 29 Cedric Carasso 1
20%
2010 Paris Saint-Germain ST 26 Guillaume Hoarau 5
20%
2006 Wigan Athletic CB 27 Pascal Chimbonda 1
20%
2010 Bordeaux CB 28 Marc Planus 1
18%
2000 Monaco CB 22 Philippe Christanval 6
18%
2002 Liverpool CM 24 Bruno Cheyrou 3
16%
2010 Wigan Athletic RW 24 Charles N'Zogbia 2 1
16%
2012 Paris Saint-Germain DM 25 Clement Chantome 1
16%
2006 Lyon RB 23 Francois Clerc 13
16%
1990 Paris Saint-Germain RB 25 Jocelyn Angloma 37 1
16%
2005 Juventus CB 26 Jonathan Zebina 1
16%
2006 Sevilla CB 27 Julien Escude 13
16%
1999 Paris Saint-Germain LW 24 Laurent Robert 9 1
16%
1997 Bordeaux ST 26 Lilian Laslandes 7 3
16%
2004 Lyon ST 24 Peguy Luyindula 6 1
16%
1996 Lyon ST 22 Florian Maurice 6 1
14%
2006 Bordeaux RB 23 Julien Faubert 1 1
14%
1997 Metz GK 24 Lionel Letizi 4
14%
2003 Atalanta DM 26 Ousmane Dabo 3
14%
1996 Auxerre CM 24 Sabri Lamouchi 12 1
14%
2016 Lille RB 26 Sebastien Corchia 1
14%
1999 Marseille GK 26 Stephane Porato 1
14%
1993 Auxerre AM 23 Corentin Martins 16 1
11%
1998 Lens CB 25 Frederic Dehu 5
11%
2001 Bastia ST 26 Frederic Nee 1
11%
1994 Nantes DM 25 Jean-Michel Ferri 6
11%
2012 Marseille RM 26 Morgan Amalfitano 1
11%
2001 Nantes CB 24 Nicolas Gillet 1
11%
2015 Rennes LW 22 Paul-Georges Ntep 2
11%
1993 Lens LM 22 Pierre Laigle 7
11%
1990 Lyon DM 23 Remi Garde 7
11%
2020 Monaco RB 27 Ruben Aguilar 1
11%
1993 Lyon CB 21 Bruno N'Gotty 6
9%
2005 Bordeaux LB 30 Franck Jurietti 1
9%
1996 Monaco CB 21 Martin Djetou 6
9%
2008 Rennes RB 26 Rod Fanni 5
9%
1998 Lens ST 25 Tony Vairelles 8 1
9%
1996 Auxerre CB 24 Alain Goma 2
7%
2002 Lens SS 25 Daniel Moreira 3
7%
2001 Lyon CB 21 Jeremie Brechet 3
7%
2008 Rennes ST 23 Jimmy Briand 5
7%
2013 Saint-Etienne DM 22 Josuha Guilavogui 7
7%
1995 Strasbourg RM 27 Marc Keller 7 1
7%
1997 Monaco RB 28 Patrick Blondeau 2
7%
2008 Caen ST 30 Steve Savidan 1
7%
1992 Auxerre CB 25 William Prunier 1
7%
2004 Bordeaux AM 25 Camel Meriem 3
5%
2007 Monaco ST 28 Frederic Piquionne 1
5%
1992 Paris Saint-Germain DM 27 Laurent Fournier 3
5%
2010 Bordeaux CB 25 Michael Ciani 1
5%
1995 Monaco ST 27 Mickael Madar 5 1
5%
1990 Auxerre LW 23 Pascal Vahirua 22 1
5%
1992 Caen ST 24 Xavier Gravelaine 4
5%
1991 Paris Saint-Germain ST 29 Amara Simba 4 3
2%
1996 Metz ST 23 Cyrille Pouget 3
2%
1990 Caen ST 23 Fabrice Divert 3 1
2%
1996 Lyon LM 26 Franck Gava 3
2%
1990 Sochaux GK 26 Gilles Rousset 2
2%
1993 Bordeaux CB 25 Jean-Luc Dogon 1
2%
1992 Paris Saint-Germain RB 30 Jean-Luc Sassus 1
2%
1994 Saint-Etienne CB 25 Jean-Pierre Cyprien 1
2%
1992 Monaco AM 24 Jerome Gnako 2
2%
1994 Nantes ST 22 Nicolas Ouedec 7 1
2%
1991 Montpellier RB 26 Pascal Baills 1
2%
1990 Saint-Etienne ST 27 Philippe Tibeuf 2
2%
1999 Caen GK 20 Jerome Hiaumet 3 1
0%
No matching quizzes found
Score Distribution
Percent of People with Each Score
Percentile by Number Answered
Your Score History
You have not taken this quiz